000 00610cam a22002291a 4500
001 he 68000188
003 DLC
005 20260227111452.0
008 820720s1967 is 000 0 heb
010 _ahe 68000188
035 _a(OCoLC)8615330
040 _aDLC
_cNNHuC
_dDLC
042 _apremarc
050 0 0 _aPJ4807.A7
_bK3
100 1 _aKaru, Baruch,
_d1889-1972.
245 1 0 _aMilon ha-Aramit ha-ḥayah.
260 _aTel-Aviv,
_c1967.
300 _a186 p. ;
_c23 cm.
504 _aBibliography: p. [3].
500 _aIn Hebrew.
650 0 _aHebrew language
_xForeign words and phrases
_xAramaic.
999 _c32845
_d32845